000 nam a22 7a 4500
999 _c15222
_d15222
008 161027b xxu||||| |||| 00| 0 eng d
020 _a9780323016100
050 _aRT 41 .L49 2004
100 _aLewis, Sharon Mantik.
_d2004
245 _aMedical Surgical Nursing:
_bAssessment and Management of Clinical Problems/
_cSharon Mantik Lewis, Margaret McLean Heitkemper and shannon Ruff Dirksen.
250 _a6th ed
260 _aCanada:
_bMosby,
_c2004.
300 _axxix,1977p.:
_bill.;
521 _a`Includes index.
700 _aHeitkemper, Margaret McLean
700 _aDirksen, Shannon Ruff
942 _2lcc
_cBOOKS
_hRT 41 .L49 2004